000 01310nam a22002297a 4500
003 BPGM
008 260616s mx ba||gr||||s001 | spa d
020 _a968-845-290-4
040 _bspa
041 _aSPA
_hSPA
082 0 4 _2PRIMERA EDICIÓN, DICIEMBRE 2005
_aCQ / 304.2 / Q48
_bQ48
100 _aSERGIO QUESADA ALDANA
_cAUTOR
245 _aLA ECOLOGÍA POLÍTICA EN LA CULTURA DEL AGUA DE QUERÉTARO
260 _aQUERÉTARO, MÉXICO
_bUNIVERSIDAD AUTÓNOMA DE QUERÉTARO
_c2005
300 _a187 PÁGINAS;
_c20.8 CM X 14 CM
336 _2rdacontent
_atexto
_btxt
337 _2rdamedia
_asin mediación
_bn
338 _2rdacarrier
_avolumen
_bnc
505 _aEL TEMA DEL AGUA SE HA CONVERTIDO EN NUESTRO TIEMPO EN UNO DE LOS REFERENTES PRIORITARIOS PARA LA INVESTIGACIÓN. EN EL CASO DE MÉXICO ES UN RECURSO NO RENOVABLE Y ESCASO EN LA MAYOR PARTE DE SU TERRITORIO, LO CUAL SE ACENTÚA AÚN MÁS PARA QUERÉTARO Y SOBRETODO PARA SU CAPITAL, DONDE TRADICIONALMENTE SE HA SUFRIDO POR SU CARENCIA, OBLIGANDO A LA RESPUESTA ESTOICA Y AL TALENTO DE SUS POBLADORES EN LO CONCERNIENTE A SU ACCESO, EXTRACCIÓN, CUIDADO Y DISTRIBUCIÓN, GENERANDO UNA CULTURA DEL AGUA, OBSERVABLE A TRAVÉS DE LOS AÑOS Y DE LAS ETAPAS DE EVOLUCIÓN HISTÓRICA DE QUERÉTARO.
650 _v304
_x300
_y00
_z4
942 _2ddc
_cCOLQ
999 _c68609
_d68609